Tilastot visalle SM-liigavalmentajat 2000-luvulla

Klikkaa tästä pelataksesi tätä visaa!

Yleistilastot

  • Tätä visaa on pelattu 124 kertaa
  • Keskiarvotulos 105 / 193

Vastaustilastot

KaudetValmentaja% Oikein
11-12 | 13-16
22-23
Lauri Marjamäki
90%
01-07Jukka Jalonen
87%
01-03 | 04-08 | 08-11Kari Jalonen
87%
21-Olli Jokinen
87%
12-13 | 20-21Raimo Helminen
87%
07-11
18-19
| 11-12 | 12-16 | +2 others
Risto Dufva
87%
21-Ville Peltonen
85%
04-05 | 07-08Hannu Virta
82%
07-11 | 11-12 | 13-14 | +3 othersPekka Virta
82%
00-03
05-06
12-14
17-20
| 03-05 | 08-10 | 22-23
Jukka Rautakorpi
79%
08-10
13-14
| 11-13 | 16-17
Kai Suikkanen
79%
11-13
21-23
| 16-20
Karri Kivi
79%
16-20 | 22-Antti Pennanen
77%
11-13 | 13-16 | 16-17Jyrki Aho
77%
18-19Ville Nieminen
77%
13-18 | 19-20 | 21-23Marko Virtanen
74%
00-01
10-12
Erkka Westerlund
72%
00-01
05-07
| 03-05
09-10
10-11
Hannu Jortikka
72%
17-21Mikko Manner
72%
19-23 | 23-Tommi Miettinen
72%
19-21 | 21-23Jussi Ahokas
69%
14-17
20-23
Jussi Tapola
69%
20-21
22-
Ville Hämäläinen
69%
03-05 | 06-09 | 09-10 | +2 othersHannu Aravirta
67%
02-03Hannu Kapanen
67%
23-Maso Lehtonen
67%
10-11Riku-Petteri Lehtonen
67%
17-19Sami Kapanen
67%
12-13 | 14-15 | 23-Tomi Lämsä
67%
05-06 | 06-08Doug Shedden
64%
01-03 | 12-13Raimo Summanen
64%
23-Rikard Grönborg
64%
20-Tommi Niemelä
64%
01-02 | 08-12 | 12-13 | +3 othersAri-Pekka Selin
62%
00-01
04-05
Pentti Matikainen
62%
04-05 | 07-11 | 11-12 | 15-18Petri Matikainen
62%
13-14 | 14-18Tomek Valtonen
62%
14-17Antti Törmänen
59%
03-05
10-11
| 05-06
Jukka Koivu
59%
21-22Lauri Mikkola
59%
15-16 | 21-Olli Salo
59%
12-16 | 19-21Pekka Tirkkonen
56%
23-Petri Karjalainen
56%
17-20Tero Lehterä
56%
23-Ville Mäntymaa
56%
18-19Ari-Pekka Pajuluoma
54%
00-01 | 01-03Ismo Lehkonen
54%
07-08Jari Härkälä
54%
14-15 | 19-21 | 21-23Jarno Pikkarainen
54%
23-Jere Härkälä
54%
20-22Jouko Myrrä
54%
00-01Juhani Tamminen
54%
15-16
17-18
Mikael Kotkaniemi
54%
04-05 | 09-11
14-15
Pekka Rautakallio
54%
11-12Timo Lehkonen
54%
00-01
09-10
| 01-02 | 04-08
Heikki Mälkiä
51%
05-06Jami Kauppi
51%
17-19Kalle Kaskinen
51%
19-20Marko Kauppinen
51%
20-21Matti Tiilikainen
51%
11-12 | 13-15 | 17-18Tuomas Tuokkola
49%
10-11 | 13-14Harri Rindell
46%
01-04 | 05-07 | 15-16 | 16-17Kari Heikkilä
46%
02-06 | 06-08 | 09-10Mika Toivola
46%
18-19 | 23-Mikko Heiskanen
46%
18-19Pekka Kangasalusta
46%
05-08 | 08-11Rauli Urama
46%
02-03 | 08-09Alpo Suhonen
44%
08-09Glen Hanlon
44%
14-15Miika Elomo
44%
00-01Vladimir Jursinov
44%
04-05 | 05-06Curt Lindström
41%
18-19Lauri Merikivi
38%
07-08Paul Baxter
38%
02-03 | 06-07Petteri Hirvonen
38%
11-12Sami Hirvonen
38%
16-17Ari Santanen
36%
19-20Jesse Welling
36%
06-07 | 10-11 | 12-13Juha Pajuoja
36%
00-02 | 03-04Mika Saarinen
36%
04-05
08-10
| 12-13
Mikko Saarinen
36%
14-15Pasi Arvonen
36%
02-04Petri Skriko
36%
03-04Petteri Sihvonen
36%
20-21Jari Kauppila
33%
11-12
16-17
Juha Vuori
33%
21-22Jukka Ahvenjärvi
33%
02-07 | 07-08 | 08-09Matti Alatalo
33%
10-11Pasi Räsänen
33%
12-13Pasi Sormunen
33%
10-11 | 15-17Petri Mattila
33%
00-01 | 01-02 | 02-03Teijo Räsänen
33%
05-06Waltteri Immonen
33%
12-13Jari Laukkanen
31%
18-19Pasi Kaukoranta
31%
00-01Vasili Tikhonov
31%
00-01Ismo Läntinen
28%
01-02 | 04-05Kaj Matalamäki
28%
00-02 | 05-06Kari Eloranta
28%
13-14Kai Rautio
26%
13-14Anssi Laine
23%
10-11Heikki Leime
23%
07-09Sakari Pietilä
23%
06-07Bob Francis
21%
05-07Mika Pieniniemi
21%
00-01Reijo Mansikka
21%
09-10Mikko Haapakoski
18%
11-12Seppo Hiitelä
18%
00-02Timo Tuomi
18%
05-06Jarmo Tolvanen
15%
05-06Ilkka Kaarna
13%
06-07Sakari Lindfors
13%
03-04Vaclav Sykora
10%
03-04Ted Sator
8%
00-01Timo Blomqvist
5%

Tulosjakauma

Persentiili vastausten määrän mukaan

Jokaisen tuloksen saaneiden osuus

Tuloshistoriasi

Et ole pelannut tätä visaa